00821nam a22002057a 450000500170000001000150001702000260003203500140005803700090007208200140008110000380009524500660013325000060019926000360020527001520024130000190039394200250041299900190043795201590045620260410111803.0 aENG-148190 c120.00a9789348685551 aEN-131722 bDBAD a234.2321 aDandavathi, Jeevan Prasad 988851 aSunday Pearls:bFaith, Hope & Love/cJeevan Prasad Dandavathi a1 bATC PublishersaBengaluruc2025 aSt's Mary Block, Archdiocesan,Pastoral Center,#5, Nandidurga Road,Benson TownbBengalurue560046k+918025491999k7090100444minfo@atcpublishers.com a52p.c21cm(pb) 2ddccENh234.23mDAN c215844d215844 001040718NFICaDBADbDBADd2026-04-10eDelivery of Books Act Divisiong120.00l0o234.23 DANpEN-131722r2026-04-10 11:18:23t1v120.00w2026-04-10yEN